| 000 | 00608nam a2200193Ia 4500 | ||
|---|---|---|---|
| 001 | 80792 | ||
| 003 | 157374 | ||
| 005 | 20250503062535.0 | ||
| 008 | ||||||n9999 ||| || || | ||
| 245 | 0 | _aAnálisis de la estructura financiera y presupuestal de la Universidad de Sucre | |
| 562 | _e1 | ||
| 650 |
_aCONTROL DE PROCESOS _9101661 |
||
| 650 | 0 |
_aEvaluación de la gestión _98963 |
|
| 650 | 0 |
_aGestión financiera _916749 |
|
| 650 | 0 |
_aInstituciones de educación superior _9101974 |
|
| 650 | 0 |
_aPresupuesto público _98146 |
|
| 650 |
_aTESIS Y DISERTACIONES ACADÉMICAS _9101975 |
||
| 942 | _cTESIS | ||
| 999 |
_c80792 _d80792 |
||